01523nam a2200289 a 4500001001000000005001700010008004100027041000800068044000700076084002000083100004500103245007400148260002900222300002500251500008300276500040000359500012400759500003800883500001000921546002500931650005200956650005601008650003401064650004501098700004001143740005001183BRCA_314920190320204132.0100209s1877----fr-#---###---#000-0#fre-u afre afr a452b.H48c18771 aCervantes Saavedra, Miguel ded1547-161610aMichel de CervantesbDon Quichotte de la ManchecMichel de Cervantes. aParísbJ. Hetzelc1877 aviii, 543 p.c28 cm. aContenido : Primera parte. Prefacio del traductor. Texto. Segunda parte. Texto aEdición : Editión spéciale á l´usage de la jeunesse par Lucien Biart. Illustrée de 316 dessins par Tony Johannot. Cette édition, spéciale a la jeunesse, est tirée de la traduction compléte de Don Quichotte par M. Lucien Biart, traduction qui paraitra en février 1878 précédée d´une Notice inédite spécialment pour la traduction de M. Biart par Prosper Mérimée aEjemplar por completo igual al LO-451. Semipiel; lomera decorada con dorados; cortes dorados también Lúdovik Osterc aEstado físico : Lomo maltratado aQM379 aTexto en : francés14aNovela españolayÉpoca clásica, 1500-170014aLiteratura españolayÉpoca clásica, 1500-170014aNovela españolaySiglo XVII14aDon Quijote (Personaje ficticio)eNovela1 aBiart, Luciend1829-1897eTraductor0 aEl Ingenioso Hidalgo Don Quijote de la Mancha